Siberia and the Pacific : A study of economic development and trade prospects

Guardat en:
Dades bibliogràfiques
Autor principal: Dibb, Paul
Format: Llibre
Idioma:Undetermined
Publicat: New York Praeger Publishers 1972
Matèries:
Etiquetes: Afegir etiqueta
Sense etiquetes, Sigues el primer a etiquetar aquest registre!
Thư viện lưu trữ: Trung tâm Học liệu Trường Đại học Cần Thơ
LEADER 00555nam a2200193Ia 4500
001 CTU_83433
008 210402s9999 xx 000 0 und d
082 |a 338.0957 
082 |b D543 
100 |a Dibb, Paul 
245 0 |a Siberia and the Pacific : 
245 2 |b A study of economic development and trade prospects 
245 0 |c Paul Dibb ; T. H. Rigby 
260 |a New York 
260 |b Praeger Publishers 
260 |c 1972 
650 |a Economic conditions 
904 |i QHieu(sửa) 
980 |a Trung tâm Học liệu Trường Đại học Cần Thơ